00391nam a2200145Ia 4500003000400000008004100004040001600045082001800061100002100079245005000100700002300150260004900173300001000222650001300232GCL140319s9999 xx 000 0 eng d aGCL / cGCL04a616.0194bM M1 aMYINT, STEVEN H.10aMCQS IN MEDICAL VIROLOGY / cMYINT, STEVEN H.1 aIRVING, WILLIAM L. a[S.N] : bCHAPMAN AND HALL MEDICAL ، c1994 a188 P04aVIROLOGY